The two towers : (Registro nro. 34960)

Detalles MARC
000 -CABECERA
Longitud fija campo de control 00631nam a22002057a 4500
003 - IDENTIFICADOR DELl NÚMERO DE CONTROL
Identificador del número de control OSt
005 - FECHA Y HORA DE LA ÚLTIMA TRANSACCIÓN
Fecha y hora de la última transacción 20240507222743.0
008 - CÓDIGOS DE INFORMACIÓN DE LONGITUD FIJA
Códigos de información de longitud fija 240507b ||||| |||| 00| 0 eng d
020 ## - NÚMERO INTERNACIONAL NORMALIZADO PARA LIBROS
Número Internacional Normalizado para Libros (ISBN) 978-0-358-38024-5
040 ## - FUENTE DE LA CATALOGACIÓN
Centro transcriptor BCRI
082 ## - NÚMERO DE LA CLASIFICACIÓN DECIMAL DEWEY
Númeroo de clasificación 823
100 1# - PUNTO DE ACCESO PRINCIPAL-NOMBRE DE PERSONA
9 (RLIN) 32737
Nombre de persona Tolkien, J.R.R.
Fechas asociadas al nombre 1892-1973
245 ## - MENCIÓN DE TÍTULO
Título The two towers :
Resto del título being the Second Part of The Lord of the Rings
Mención de responsabilidad, etc. J.R.R. Tolkien
260 ## - PUBLICACIÓN, DISTRIBUCIÓN, ETC. (PIE DE IMPRENTA)
Lugar de publicación, distribución, etc. Estados Unidos
Nombre del editor, distribuidor, etc. Clarion Books
Fecha de publicación, distribución, etc. 2020
300 ## - DESCRIPCIÓN FÍSICA
Extensión X, 511-924
Otras características físicas il.
Dimensiones 20 cm.
490 ## - MENCIÓN DE SERIE
Mención de serie The Lord of the Rings
546 ## - NOTA DE LENGUA
Nota de lengua Contenido en idioma inglés.
650 #0 - PUNTO DE ACCESO ADICIONAL DE MATERIA - TÉRMINO DE MATERIA
9 (RLIN) 11162
Término de materia o nombre geográfico como elemento inicial Novela inglesa
942 ## - ENTRADA DE ELEMENTOS AGREGADOS (KOHA)
Fuente de clasificaión o esquema Dewey Decimal Classification
Koha [por defecto] tipo de item 1- Monografias
Parte de clasificación prozim
Existencias
Suprimido Perdido Fuente de clasificación o esquema Estropeado Restricciones de uso No para préstamo Código de colección Localización permanente Localización actual Localización en estanter&íacute;as Fecha adquisición Fuente de adquisición Número de inventario Préstamos totales Signatura completa Código de barras Fecha última consulta Fecha del precio de reemplazo Tipo de item de Koha Renovaciones totales Fecha último préstamo
NULL NULL Dewey Decimal Classification NULL Prestable NULL NULL Biblioteca Centro Regional de Ilobasco Biblioteca Centro Regional de Ilobasco Sala Principal 15/03/2024 Compra $30.00 LI005889   N TOL two 1051871 07/05/2024 07/05/2024 1- Monografias    
NULL NULL Dewey Decimal Classification NULL Prestable NULL NULL Biblioteca Centro Regional de Ilobasco Biblioteca Centro Regional de Ilobasco Sala Principal 15/03/2024 Compra $30.00 LI005890   N TOL two 1051872 07/05/2024 07/05/2024 1- Monografias    
NULL NULL Dewey Decimal Classification NULL Prestable NULL NULL Biblioteca Centro Regional de Ilobasco Biblioteca Centro Regional de Ilobasco Sala Principal 15/03/2024 Compra $30.00 LI005891 2 N TOL two 1051873 22/10/2024 07/05/2024 1- Monografias 2 02/10/2024